Marques de A à Z - Statistiques

Statistiques générales
  • Ce quiz a été pris 1 755 fois
  • Le résultat moyen est 19 sur 26
Statistiques - réponses
Lettres Indices Marques % Correct
B Stylo / Papeterie Bic
98%
I Meuble / Suède Ikea
91%
R Montre - Luxe Rolex
91%
L Chips / Pub Messi Lay's
89%
P Soda / Cola Pepsi
89%
Q Fast-Food Quick
89%
D Aspirateur / Électroménager Dyson
88%
G Rasoir - Soins Gillette
88%
M Chocolat / Vache Milka
88%
Y Yaourt à boire Yop
87%
C Bière / Virus Corona
85%
K Fromage / Goûter Kiri
77%
X Téléphone - Chine Xiaomi
76%
O Dentifrice Oral-B
75%
N Céréales / Cacao / Lapin Nesquik
71%
A Assurance Axa
70%
F Chocolat - Sphère - Dorée Ferrero Rocher
69%
V Eau - Puy-de-Dôme Volvic
66%
T Plats cuisinés / Pub grands mères Tipiak
64%
Z Commerce / Vêtement / En ligne Zalando
64%
U Développeur / Jeux vidéos / Assassin's Creed Ubisoft
61%
W Paris Sportif Winamax
60%
J Voiture / Sponsor Juventus Jeep
58%
S Barre chocolatée Snickers
53%
E Vêtement Ellesse
20%
H Vêtements / Oiseaux Hollister
20%
Aucun quiz correspondant
Distribution des résultats
% des personnes avec chaque résultat
Percentile par nombre de réponses
Votre historique - résultats
Vous n’avez pas pris ce quiz